[Event "BRA-ch U14 Girls"]
[Site "Brasilia"]
[Date "2017.04.22"]
[Round "5"]
[White "Frattini, Beatriz Maria"]
[Black "Passos, Clarissa dos Santos"]
[Result "0-1"]
[WhiteElo "1816"]
[BlackElo "1357"]
[PlyCount "76"]
[EventDate "2017.04.21"]
[EventType "swiss"]
[EventRounds "6"]
[EventCountry "BRA"]
[SourceTitle "CBM 177 Extra"]
[Source "ChessBase"]
[SourceDate "2017.04.27"]
[SourceVersion "1"]
[SourceVersionDate "2017.04.27"]
[SourceQuality "1"]

1. e4 e5 2. Nf3 Nc6 3. Bc4 Bc5 4. d3 h6 5. a3 d6 6. h3 Be6 7. Ba2 Qf6 8. b4 Bb6 9. 0-0 g5 10. Nh2 Nge7 11. Ng4 Qg6 12. Bxe6 fxe6 13. Qf3 Rf8 14. Qg3 Nd4 15. Nc3 Nxc2 16. Ra2 Nd4 17. Kh1 0-0-0 18. Na4 Rh8 19. Nxb6+ axb6 20. Be3 Nec6 21. Rc1 Rdg8 22. Bxd4 Nxd4 23. a4 h5 24. Ne3 h4 25. Qg4 Rf8 26. Nc4 Kd7 27. a5 bxa5 28. bxa5 Ra8 29. Qd1 Ra6 30. Qa4+ Nc6 31. Qb5 g4 32. hxg4 Qxg4 33. Qxb7 h3 34. f3 hxg2+ 35. Kg1 Rh1+ 36. Kf2 g1Q+ 37. Rxg1 Qxg1+ 38. Ke2 Rh2# 0-1

[Event "Florianopolis Winter U220 op"]
[Site "Florianopolis"]
[Date "2016.08.19"]
[Round "1"]
[White "Paredes, Bryan"]
[Black "Passos, Clarissa dos Santos"]
[Result "1-0"]
[WhiteElo "1861"]
[BlackElo "1358"]
[PlyCount "87"]
[EventDate "2016.08.19"]
[EventType "swiss"]
[EventRounds "7"]
[EventCountry "BRA"]
[SourceTitle "CBM 174 Extra"]
[Source "ChessBase"]
[SourceDate "2016.10.10"]
[SourceVersion "1"]
[SourceVersionDate "2016.10.10"]
[SourceQuality "1"]

1. e4 e5 2. Nf3 Nc6 3. d4 exd4 4. Nxd4 Qf6 5. Nxc6 Qxc6 6. Bd3 Nf6 7. 0-0 d5 8. Nc3 a6 9. exd5 Nxd5 10. Be4 Be6 11. Bxd5 Bxd5 12. Qxd5 Qxd5 13. Nxd5 0-0-0 14. Rd1 Bc5 15. Be3 Bxe3 16. Nxe3 Rhe8 17. Rxd8+ Rxd8 18. Rd1 Re8 19. h3 g6 20. Kf1 f5 21. Nd5 g5 22. Nf6 Re7 23. Re1 Rxe1+ 24. Kxe1 h6 25. g4 fxg4 26. hxg4 Kd8 27. Ng8 h5 28. gxh5 Ke8 29. Nf6+ Kf7 30. Ne4 g4 31. f3 gxf3 32. Kf2 Kg7 33. Kxf3 Kh6 34. Kg4 b6 35. Ng3 c5 36. Nf5+ Kh7 37. Kg5 b5 38. Nd6 c4 39. h6 a5 40. Nxb5 Kh8 41. Kg6 Kg8 42. h7+ Kh8 43. Nd6 c3 44. Nf7# 1-0